00404 a2200109 4500001001000000005001700010008004100027245006000068100002400128773012500152999001700277ART_2324920260410161929.0260409a 10aPrincipios politico-económico de la empresa pública1 aCaplán, Benedicto0 tRevista de la Facultad de Ciencias Económicas de la Universidad de Cuyog- Año III, Nº 7 (ene./abr. 1951)wREV22981 c28456d28456